| 000 | 01137cam a2200289 4500 | ||
|---|---|---|---|
| 001 | ABS64081 | ||
| 008 | 000000n2001 000 0 eng u | ||
| 035 | _a(Sirsi) u113162 | ||
| 100 | _aPacey, S. | ||
| 245 | _aSurvival of the fittest | ||
| 260 | _c2001 | ||
| 490 |
_aRIBA Journal _v108(6) June 2001, 69-70(2) |
||
| 520 | _aLooks at developments in web-based services aimed at the construction industry warning that providers must develop products that offer accurate information quickly if they are to survive. Includes a profile of Cadweb, which has evolved to become one of the more intuitive interfaces, and UKPlanning, which allows planning applications to be submitted to any one of nineteen councils electronically. | ||
| 590 | _aABS | ||
| 650 | _aCONSTRUCTION INDUSTRY | ||
| 650 | _aCONSTRUCTION PORTALS | ||
| 650 | _aEXTRANETS | ||
| 650 | _aONLINE PLANNING | ||
| 650 | _aONLINE SERVICES | ||
| 650 | _aPLANNING APPLICATIONS | ||
| 650 | _aPLANNING PORTALS | ||
| 650 | _aWEBSITES | ||
| 690 | _aBUILT ENVIRONMENT | ||
| 856 | _uhttps://www.cadweb.net/ | ||
| 856 | _uhttps://www.ukplanning.com/ | ||
| 942 | _n0 | ||
| 999 |
_c67385 _d67385 |
||